000 00793 a2200205 4500
020 _a0521437881
020 _a9780521437882
028 4 2 _a9780521437882
_bCambridge University Press
082 _a511.64
090 _c1582
_d1582
100 1 _aRoth, Alvin E.
245 1 0 _aTwo-sided matching :
_ba study in game-theoretic modeling and analysis /
_cAlvin E. Roth, Marilda A. Oliveira Sotomayor.
260 _a[S.l.] :
_bCambridge University Press,
_c1992.
300 _a280 p. ;
_c23 cm.
490 1 _aEconometric society monographs.
700 1 _aSotomayor, Marilda A. Oliveira.
830 0 _aEconometric society monographs.
942 _aSNS
_cBK
_k511.64 ROT
999 _c30192
_d30192